LEADER 01595nam0 22003733i 450 001 RAV0088619 005 20231121125630.0 100 $a19991028d1948 ||||0itac50 ba 101 | $aita$cita 102 $ait 105 $a|||| |||a| 181 1$6z01$ai $bxxxe 182 1$6z01$an 200 1 $a˜I œfratelli Cuccoli$e romanzo$f Aldo Palazzeschi 210 $aFirenze$cVallecchi$d1948 215 $a530 p.$d20 cm 225 | $aLetteratura contemporanea$i. Narrativa e prosa 410 0$1001SBL0031181$12001 $aLetteratura contemporanea$i. Narrativa e prosa 500 10$a˜I œfratelli Cuccoli$3SBL0206772$9CFIV010556$9139191 676 $a853.914$9Narrativa italiana. 1945-1999.$v22 700 1$aPalazzeschi$b, Aldo$3CFIV010556$4070$0165101 790 1$aGiurlani$b, Aldo$3CFIV010558$zPalazzeschi, Aldo 801 3$aIT$bIT-01$c19991028 850 $aIT-RM028 $aIT-RM0290 $aIT-RM0418 $aIT-RM0460 $aIT-FR0017 899 $aBiblioteca Universitaria Alessandrina$bRM028 899 $aBIBLIOTECA ANGELICA$bRM0290 899 $aBIBLIOTECA ACCADEMIA NAZ. DEI LINCEI E CORSINIANA$bRM0418 899 $aBiblioteca Dell' Archivio Centrale Dello Stato$bRM0460 899 $aBiblioteca umanistica Giorgio Aprea$bFR0017 $eN 912 $aRAV0088619 950 0$aBiblioteca umanistica Giorgio Aprea$d 52DFV H 24$e 52BUN0000102705 VMC RS $fA $h20230207$i20230207 977 $a 01$a 06$a 10$a 27$a 52 996 $aFratelli Cuccoli$9139191 997 $aUNICAS